000 00785cam a22002533a 4500
001 16927
003 PGUSA
005 20140828083348.0
008 051023s2005||||xxu|||||s|||||000 | eng d
040 _aPGUSA
_beng
042 _adc
050 4 _aDG
100 1 _aTacitus, Cornelius,
_d56-117
245 1 0 _aTacitus :
_bThe Histories, Volumes I and II
_h[electronic resource] /
_cCornelius Tacitus
260 _bProject Gutenberg,
_c2005
506 _aPublic domain in the USA.
516 _aElectronic text
653 _aRome -- History -- Civil War, 68-69
653 _aRome -- History -- Flavians, 69-96
700 1 _aFyfe, W. Hamilton
_q(William Hamilton),
_d1878-1965
830 0 _aProject Gutenberg
_v16927
856 4 0 _uhttp://www.gutenberg.org/ebooks/16927
942 _cEB
999 _c246182
_d246182